000 02458cam a22003134a 4500
001 14809198
003 GBCCL
005 20241126110415.0
008 070416s2007 miu b 000 0 eng
010 _a 2007015770
020 _a9780801066221 (pbk.)
020 _a0801066220 (pbk.)
040 _aDLC
_cDLC
_dDLC
050 0 0 _aBV652.25
_b.H83 2007
082 0 0 _a253
_222
_bHUL
100 1 _aHull, Bill,
_d1946-
_94173
245 1 4 _aThe disciple-making pastor :
_bleading others on the journey of faith /
_cBill Hull.
250 _aRev. and expanded ed.
260 _aGrand Rapids, MI :
_bBaker Books,
_cc2007.
300 _a317 p. ;
_c21 cm.
504 _aIncludes bibliographical references (p. 315-317).
505 0 _aForeword / by Robert Coleman -- Introduction: The crisis at the heart -- The need -- The church today is in crisis : what does it need, and how do pastors -- Perceive that need? -- The conflict -- Before a pastor can make disciples, he needs to count the cost -- Forces militate against discipleship, and he needs to be prepared for -- Them -- The product -- What are the biblical foundations of disciple making, and what does a -- Disciple look like? -- The role of a disciple-making pastor -- How does scripture define the role of pastor? what does he do? -- The understanding of a disciple-making pastor -- He sees the big picture of the church in the redemptive drama as a result, the pastor also understands the model, means, method, and motive of making Christ known -- The commitment of a disciple-making pastor -- He not only talks about discipleship but has committed himself to -- Making it a reality in his church -- The practices of a disciple-making pastor -- He follows four practices that build up the church to take an active -- Part in disciple making -- The pastor as coach -- Jesus modeled a six-step teaching method the disciple-making pastor -- Can follow to encourage the church to fulfill the great commission -- Making it work in the local church -- Practical vehicles that will help pastors make disciple making a part of their churches are outlined and explained.
650 0 _aChurch growth.
_9291
650 0 _aPastoral theology.
_9414
650 0 _aClergy
_xOffice.
_9299
906 _a7
_bcbc
_corignew
_d1
_eecip
_f20
_gy-gencatlg
942 _2ddc
_cBK
_07
999 _c2028
_d2028